figure out the taylor swift song pt 3 - Statistics

General Stats
  • This quiz has been taken 45 times
  • The average score is 285 of 411
Answer Stats
Answer % Correct
i
100%
you
100%
a
97%
me
92%
the
92%
and
89%
to
89%
in
86%
it
86%
be
84%
im
84%
my
84%
on
84%
youre
84%
love
81%
one
81%
that
81%
they
81%
when
81%
where
81%
who
81%
for
78%
so
78%
up
78%
no
76%
say
76%
was
76%
ever
73%
of
73%
dont
70%
have
70%
hear
70%
know
70%
oh
70%
want
70%
what
70%
at
68%
could
68%
did
68%
if
68%
some
68%
still
68%
there
68%
break
65%
but
65%
get
65%
got
65%
she
65%
about
62%
girl
62%
her
62%
its
62%
restaurant
62%
time
62%
cant
59%
corner
59%
help
59%
here
59%
how
59%
just
59%
left
59%
pin
59%
right
59%
sad
59%
stay
59%
choice
57%
drop
57%
everybody
57%
forever
57%
friends
57%
new
57%
shes
57%
sitting
57%
wont
57%
been
54%
felt
54%
glass
54%
hair
54%
haunt
54%
married
54%
moment
54%
moved
54%
other
54%
out
54%
shattered
54%
sight
54%
stop
54%
white
54%
23
51%
cause
51%
change
51%
collected
51%
dust
51%
find
51%
our
51%
someone
51%
somewhere
51%
stayed
51%
strangers
51%
told
51%
buried
49%
burn
49%
cross
49%
each
49%
fantasy
49%
frozen
49%
inside
49%
lessons
49%
light
49%
pages
49%
pinned
49%
run
49%
stick
49%
supposed
49%
swear
49%
went
49%
after
46%
break-ups
46%
cloth
46%
delusion
46%
dim
46%
else
46%
everyday
46%
everything
46%
feel
46%
fly
46%
front
46%
happen
46%
learned
46%
legged
46%
rumors
46%
skies
46%
think
46%
through
46%
turn
46%
born
43%
expected
43%
lives
43%
long
43%
lose
43%
mascara
43%
matches
43%
met
43%
perspective
43%
sat
43%
sure
43%
wife
43%
christmas
41%
earned
41%
kids
41%
trends
41%
wages
41%
mind
38%
stared
38%
unaware
38%
young
38%
died
35%
business
32%
harm
32%
wrong
32%
witness
30%
bear
27%
No matching quizzes found
Score Distribution
Percent of People with Each Score
Percentile by Number Answered
Your Score History
You have not taken this quiz